[Event "VIE-ch U13 Girls"]
[Site "Ho Chi Minh City"]
[Date "2022.07.16"]
[Round "8"]
[White "Nguyen, Thi Thanh Ngan"]
[Black "Nguyen, Thanh Thuy"]
[Result "1-0"]
[WhiteElo "2119"]
[BlackElo "2137"]
[PlyCount "57"]
[EventDate "2022.07.11"]
[EventType "swiss"]
[EventRounds "9"]
[EventCountry "VIE"]
[SourceTitle "EXT 2023"]
[Source "ChessBase"]
[SourceDate "2022.10.05"]
[SourceVersion "1"]
[SourceVersionDate "2022.10.05"]
[SourceQuality "1"]

1. e4 d5 2. exd5 Nf6 3. d4 Nxd5 4. c4 Nb6 5. Nf3 Bf5 6. c5 N6d7 7. Qb3 b6 8. Be3 e6 9. Be2 Be7 10. 0-0 0-0 11. Nc3 Nf6 12. h3 h6 13. Nh4 Bh7 14. Rad1 Nd5 15. Nxd5 exd5 16. Nf3 Nc6 17. Qa4 Nb8 18. Ne5 f6 19. Nd3 Qe8 20. Qb3 Qd7 21. Bg4 f5 22. Ne5 Qe6 23. Bf3 Rd8 24. Rc1 Kf8 25. Nd3 Bg8 26. Nf4 Qd7 27. Ng6+ Ke8 28. Bh5 Qc8 29. Bf4 1-0